000 00497cam a2200181ua 4500
001 12153
008 200224n ii |||gr||||Z||||||eng
020 _a9788180698514
040 _cMAIN
082 _a954.162
100 _aM L Bose,
_eAuthor.
245 _aHistorical and constitutional documents of north eastern india 1824-1973
_cBy M L Bose
250 _a1st ed.
260 _aNew Delhi:
_bConcept publishing company,
_c2017.
300 _a378p.
653 _aSouth Asia India
942 _cBK
999 _c10920
_d10920